<?xml version="1.0" encoding="UTF-8"?><?xml-stylesheet type="text/xsl" href="static/style.xsl"?><OAI-PMH xmlns="http://www.openarchives.org/OAI/2.0/" xmlns:xsi="http://www.w3.org/2001/XMLSchema-instance" xsi:schemaLocation="http://www.openarchives.org/OAI/2.0/ http://www.openarchives.org/OAI/2.0/OAI-PMH.xsd"><responseDate>2026-04-14T16:53:03Z</responseDate><request verb="GetRecord" identifier="oai:uvadoc.uva.es:10324/13403" metadataPrefix="marc">https://uvadoc.uva.es/oai/request</request><GetRecord><record><header><identifier>oai:uvadoc.uva.es:10324/13403</identifier><datestamp>2021-06-29T10:49:10Z</datestamp><setSpec>com_10324_38</setSpec><setSpec>col_10324_852</setSpec></header><metadata><record xmlns="http://www.loc.gov/MARC21/slim" xmlns:doc="http://www.lyncode.com/xoai" xmlns:xsi="http://www.w3.org/2001/XMLSchema-instance" xmlns:dcterms="http://purl.org/dc/terms/" xsi:schemaLocation="http://www.loc.gov/MARC21/slim http://www.loc.gov/standards/marcxml/schema/MARC21slim.xsd">
<leader>00925njm 22002777a 4500</leader>
<datafield tag="042" ind1=" " ind2=" ">
<subfield code="a">dc</subfield>
</datafield>
<datafield tag="720" ind1=" " ind2=" ">
<subfield code="a">Omaña Usunáriz, Fátima</subfield>
<subfield code="e">author</subfield>
</datafield>
<datafield tag="260" ind1=" " ind2=" ">
<subfield code="c">2015</subfield>
</datafield>
<datafield tag="520" ind1=" " ind2=" ">
<subfield code="a">La disección es una técnica anatómica que permite la exposición, observación y estudio de las diferentes estructuras que conforman el cuerpo humano, mediante el uso de diversos instrumentos. El objetivo de este trabajo ha sido observar y analizar las diferencias anatómicas, entre la teoría y la práctica, de la órbita humana, ya que es en esta zona donde se centrarán las consultas relativas a nuestra profesión. Para ello se ha utilizado una cabeza humana, se ha procedido a la separación del cuero cabelludo, a la sección horizontal del cráneo y a la extracción del encéfalo, para, de esta forma, llegar al techo de la órbita, donde, tras abrirlo, observar la musculatura, estructura ósea, inervación, vascularización y relaciones de las distintas estructuras que alberga la misma Las diferentes estructuras observadas, a lo largo de la disección, han sido identificadas y fotografiadas con intención descriptiva y didáctica.</subfield>
</datafield>
<datafield tag="024" ind2=" " ind1="8">
<subfield code="a">http://uvadoc.uva.es/handle/10324/13403</subfield>
</datafield>
<datafield ind1=" " ind2=" " tag="653">
<subfield code="a">Órbitas (Oftalmología) - Disección</subfield>
</datafield>
<datafield tag="245" ind1="0" ind2="0">
<subfield code="a">Disección orbitaria (2014-15)</subfield>
</datafield>
</record></metadata></record></GetRecord></OAI-PMH>